[Event "EU-ch Schools U17"]
[Site "Tornelo INT"]
[Date "2021.12.10"]
[Round "3"]
[White "Ilyasli, Ughur"]
[Black "Tsanatsqenishvili, Giorgi"]
[Result "0-1"]
[WhiteElo "2310"]
[BlackElo "1633"]
[PlyCount "84"]
[EventDate "2021.12.03"]
[EventType "swiss (rapid)"]
[EventRounds "7"]
[EventCountry "NET"]
[SourceTitle "EXT 2023"]
[Source "ChessBase"]
[SourceDate "2022.10.05"]
[SourceVersion "1"]
[SourceVersionDate "2022.10.05"]
[SourceQuality "1"]

1. d4 Nf6 2. c4 g6 3. Nc3 d6 4. e4 Bg7 5. Nge2 0-0 6. Ng3 Nc6 7. d5 Ne5 8. Be2 c5 9. f4 Ned7 10. 0-0 Re8 11. f5 Ne5 12. Bg5 h6 13. Be3 a6 14. a4 Bd7 15. Qd2 Kh7 16. h3 Qa5 17. Bf4 Ng8 18. Nh1 Qb4 19. g4 Nxc4 20. Bxc4 Qxc4 21. Nf2 b5 22. Rae1 b4 23. Ncd1 Bxa4 24. Ne3 Qd4 25. Qc1 Qxb2 26. e5 Qxc1 27. Rxc1 dxe5 28. Bg3 Rec8 29. Ne4 Bb5 30. Nc4 g5 31. d6 Nf6 32. Nxf6+ Bxf6 33. dxe7 Bxe7 34. f6 Bf8 35. Bxe5 Re8 36. Bg3 Re4 37. Nd2 Rd4 38. Rf2 Rad8 39. Nf3 Rd1+ 40. Rxd1 Rxd1+ 41. Kh2 Bc6 42. Ne5 Rh1# 0-1

[Event "EU-ch Schools U17"]
[Site "Tornelo INT"]
[Date "2021.12.10"]
[Round "2"]
[White "Tsanatsqenishvili, Giorgi"]
[Black "Ilyasli, Ughur"]
[Result "1-0"]
[WhiteElo "1633"]
[BlackElo "2310"]
[PlyCount "105"]
[EventDate "2021.12.03"]
[EventType "swiss (rapid)"]
[EventRounds "7"]
[EventCountry "NET"]
[SourceTitle "EXT 2023"]
[Source "ChessBase"]
[SourceDate "2022.10.05"]
[SourceVersion "1"]
[SourceVersionDate "2022.10.05"]
[SourceQuality "1"]

1. e4 e6 2. d4 d5 3. Nd2 Nf6 4. e5 Nfd7 5. Bd3 c5 6. c3 Nc6 7. Ne2 cxd4 8. cxd4 f6 9. Nf4 Qe7 10. exf6 Qxf6 11. Nf3 Bb4+ 12. Kf1 0-0 13. Be3 g6 14. h4 Bd6 15. g3 e5 16. dxe5 Ndxe5 17. Nxe5 Nxe5 18. Nxd5 Qf7 19. Be4 Bg4 20. Qb3 Bf3 21. Nf6+ Kg7 22. Bxf3 Nxf3 23. Qxf7+ Rxf7 24. Ne4 Be5 25. h5 gxh5 26. Rxh5 Bxb2 27. Rd1 a5 28. Kg2 a4 29. Nd6 Rf6 30. Nf5+ Kg6 31. g4 Ne5 32. Rh6+ Kf7 33. Rxh7+ Kg8 34. Rg7+ Kf8 35. Bc5+ Ke8 36. Rg8+ Kf7 37. Rxa8 Nxg4 38. Rf8+ Ke6 39. Ng7+ Ke5 40. Re8+ Kf4 41. Nh5+ Kg5 42. Nxf6 Nxf6 43. Be7 a3 44. Bxf6+ Kxf6 45. Rb8 Kf5 46. Rxb7 Be5 47. Rf7+ Kg4 48. Rd8 Kh5 49. Rg8 Kh6 50. Rf3 Kh7 51. Rg4 Bg7 52. Rh3+ Bh6 53. Kf1 1-0

[Event "EU-ch Schools U17"]
[Site "Tornelo INT"]
[Date "2021.12.05"]
[Round "6"]
[White "Akbas, Umut Ata"]
[Black "Tsanatsqenishvili, Giorgi"]
[Result "0-1"]
[WhiteElo "2280"]
[BlackElo "1633"]
[PlyCount "120"]
[EventDate "2021.12.03"]
[EventType "swiss (rapid)"]
[EventRounds "7"]
[EventCountry "NET"]
[SourceTitle "EXT 2023"]
[Source "ChessBase"]
[SourceDate "2022.10.05"]
[SourceVersion "1"]
[SourceVersionDate "2022.10.05"]
[SourceQuality "1"]

1. e4 Nf6 2. d3 e5 3. Nf3 Nc6 4. g3 Bc5 5. Bg2 0-0 6. 0-0 d5 7. exd5 Nxd5 8. Nbd2 Re8 9. Re1 Bg4 10. h3 Bh5 11. Ne4 Bb6 12. a3 f5 13. Ned2 Nf6 14. Bf1 e4 15. g4 fxg4 16. hxg4 Nxg4 17. Nxe4 Rxe4 18. dxe4 Qxd1 19. Rxd1 Nxf2 20. Bc4+ Kh8 21. Rf1 Bxf3 22. Rxf2 Ne5 23. Kf1 Bxf2 24. Kxf2 Rf8 25. Bb3 Bxe4+ 26. Ke3 Bc6 27. Bd2 Ng4+ 28. Kd4 Rd8+ 29. Kc3 Nf2 30. Be1 Ne4+ 31. Kb4 Rd4+ 32. c4 b6 33. a4 h5 34. a5 b5 35. Rd1 Bd7 36. Rxd4 c5+ 37. Ka3 cxd4 38. Bc2 Nd6 39. cxb5 Bxb5 40. Bd1 g6 41. Bf2 Nf5 42. Bc2 d3 43. Bd1 a6 44. Kb4 Kg7 45. Kc3 Kf6 46. Bf3 Ke5 47. Kd2 Kf4 48. Bd5 h4 49. Ba7 h3 50. Bb8+ Kg4 51. Bf7 Ng3 52. Be6+ Kh4 53. Bxh3 Kxh3 54. Ke3 g5 55. Be5 Kg4 56. b4 Nf5+ 57. Kd2 Kf3 58. Ke1 Ke3 59. Bb8 d2+ 60. Kd1 Ba4# 0-1

[Event "World Cup U16 Prel"]
[Site "Tornelo INT"]
[Date "2021.08.16"]
[Round "3"]
[White "Tsanatsqenishvili, Giorgi"]
[Black "Artemiou, Giorgos"]
[Result "1-0"]
[WhiteElo "1581"]
[BlackElo "1244"]
[PlyCount "91"]
[EventDate "2021.08.16"]
[EventType "swiss (rapid)"]
[EventRounds "10"]
[EventCountry "NET"]
[SourceTitle "EXT 2025"]
[Source "ChessBase"]
[SourceDate "2024.10.14"]
[SourceVersion "1"]
[SourceVersionDate "2024.10.14"]
[SourceQuality "1"]

1. e4 e5 2. Nf3 Nc6 3. Bb5 d6 4. d4 exd4 5. Qxd4 Bd7 6. Bxc6 Bxc6 7. 0-0 Nf6 8. Re1 Be7 9. c4 0-0 10. Nc3 Re8 11. Bg5 h6 12. Bh4 Nd7 13. Bxe7 Qxe7 14. Nd5 Bxd5 15. exd5 Ne5 16. Nxe5 dxe5 17. Qe3 Rad8 18. Qxa7 b6 19. Re2 Qc5 20. Qa4 Ra8 21. Qb3 Rad8 22. a4 c6 23. Rd1 f6 24. Red2 Qa5 25. c5 cxd5 26. cxb6 Kh8 27. Rc2 Re6 28. Qa3 Qxb6 29. a5 Qa6 30. h4 d4 31. b4 d3 32. Rc5 d2 33. b5 Qd6 34. b6 Rb8 35. Qc3 Qd4 36. Qxd4 exd4 37. Rxd2 Rd8 38. b7 Ree8 39. a6 d3 40. a7 Re2 41. b8Q Rde8 42. Rxe2 dxe2 43. Qxe8+ Kh7 44. Qe4+ g6 45. Qe7+ Kg8 46. a8R# 1-0

[Event "World Cup U16 Prel"]
[Site "Tornelo INT"]
[Date "2021.08.16"]
[Round "5"]
[White "Tsanatsqenishvili, Giorgi"]
[Black "Stefanou, Dimitrios"]
[Result "1/2-1/2"]
[WhiteElo "1581"]
[BlackElo "2099"]
[PlyCount "148"]
[EventDate "2021.08.16"]
[EventType "swiss (rapid)"]
[EventRounds "10"]
[EventCountry "NET"]
[SourceTitle "EXT 2025"]
[Source "ChessBase"]
[SourceDate "2024.10.14"]
[SourceVersion "1"]
[SourceVersionDate "2024.10.14"]
[SourceQuality "1"]

1. e4 e5 2. Nf3 Nc6 3. Bb5 a6 4. Ba4 Nf6 5. 0-0 Be7 6. Re1 b5 7. Bb3 d6 8. c3 0-0 9. h3 Na5 10. Bc2 c5 11. d4 Qc7 12. Nbd2 cxd4 13. cxd4 Nc6 14. Nf1 exd4 15. Bf4 Be6 16. Rc1 Qb6 17. Ng3 g6 18. Ne2 d5 19. Nfxd4 Nxd4 20. Nxd4 dxe4 21. Nxe6 Qxe6 22. Bb3 Qf5 23. Bh6 Rfd8 24. Qe2 Bf8 25. Be3 Nd5 26. a3 Qe5 27. Rc2 Nxe3 28. Qxe3 Rd4 29. Qc3 Rad8 30. Qc7 Qf6 31. Rce2 Rd2 32. Qc1 Bh6 33. Qb1 e3 34. fxe3 Bxe3+ 35. Kh1 Rxe2 36. Rxe2 Bf4 37. Qe1 Kg7 38. Rf2 Qd4 39. Qf1 g5 40. g3 Qe4+ 41. Kg1 Be3 42. Kh2 Bxf2 43. Qxf2 Qg6 44. Qe3 Qf6 45. Qe2 Rd4 46. Ba2 Rd6 47. Qg2 Rc6 48. Qd2 Rc5 49. Bb3 Rf5 50. Kg2 Re5 51. Ba2 a5 52. Bb3 a4 53. Bd1 Qe6 54. Bf3 Re1 55. Qxg5+ Qg6 56. Qd2 Re6 57. Qd4+ Qf6 58. Qd2 Rd6 59. Qc2 Qg6 60. Qc3+ Qf6 61. Qc2 Qe5 62. h4 Rd4 63. Qc8 Rd2+ 64. Kh3 Qxb2 65. Qg4+ Kf8 66. Qc8+ Ke7 67. Qc7+ Rd7 68. Qc5+ Rd6 69. Qc7+ Rd7 70. Qc5+ Kd8 71. Qf8+ Kc7 72. Qc5+ Kd8 73. Qf8+ Kc7 74. Qc5+ Kd8 1/2-1/2

[Event "Gaprindashvili Cup op 2nd"]
[Site "Tornelo INT"]
[Date "2020.11.10"]
[Round "7"]
[White "Tsanatsqenishvili, Giorgi"]
[Black "Qalichava, Akaki"]
[Result "0-1"]
[WhiteElo "1631"]
[BlackElo "1877"]
[PlyCount "70"]
[EventDate "2020.11.08"]
[EventType "swiss (rapid)"]
[EventRounds "9"]
[EventCountry "GEO"]
[SourceTitle "CBM 199 Extra"]
[Source "ChessBase"]
[SourceDate "2021.01.31"]
[SourceVersion "1"]
[SourceVersionDate "2021.01.31"]
[SourceQuality "1"]

1. e4 c5 2. Nf3 e6 3. d4 cxd4 4. Nxd4 a6 5. g3 Qc7 6. Bg2 Nc6 7. Nc3 Nf6 8. 0-0 h5 9. h3 Nxd4 10. Qxd4 Bc5 11. Qd3 0-0 12. Bf4 d6 13. Rad1 Ne8 14. a3 Bd7 15. Qf3 g6 16. Bh6 Bc6 17. Bxf8 Kxf8 18. g4 hxg4 19. hxg4 Qe7 20. Qf4 g5 21. Qg3 Kg7 22. Bf3 Qf6 23. Kg2 Nc7 24. Rd3 e5 25. Rfd1 Ne6 26. Kg1 Nf4 27. R3d2 Rh8 28. Bg2 a5 29. Na2 a4 30. Re1 Rh4 31. Nb4 Qe6 32. Kf1 Rxg4 33. Bh3 Nxh3 34. Qd3 Rg1+ 35. Ke2 Nf4+ 0-1

[Event "Gaprindashvili Cup op 2nd"]
[Site "Tornelo INT"]
[Date "2020.11.09"]
[Round "5"]
[White "Tsanatsqenishvili, Giorgi"]
[Black "Tsereteli, Tornike"]
[Result "1-0"]
[WhiteElo "1631"]
[BlackElo "1765"]
[PlyCount "99"]
[EventDate "2020.11.08"]
[EventType "swiss (rapid)"]
[EventRounds "9"]
[EventCountry "GEO"]
[SourceTitle "CBM 199 Extra"]
[Source "ChessBase"]
[SourceDate "2021.01.31"]
[SourceVersion "1"]
[SourceVersionDate "2021.01.31"]
[SourceQuality "1"]

1. e4 e6 2. d4 d5 3. Nd2 Nf6 4. e5 Nfd7 5. Bd3 c5 6. c3 Nc6 7. Ne2 cxd4 8. cxd4 f6 9. exf6 Nxf6 10. 0-0 Bd6 11. Nf3 0-0 12. Bg5 Qc7 13. Rc1 h6 14. Bxf6 Rxf6 15. Ng3 Qf7 16. Bb1 Bd7 17. Qd3 g5 18. Rfe1 Bxg3 19. fxg3 Rf8 20. a3 Qg7 21. Ne5 Be8 22. Nxc6 Bxc6 23. Re5 Qf7 24. h3 a6 25. Rce1 Bd7 26. Bc2 Rf2 27. a4 b5 28. b3 Rc8 29. Bd1 Rc1 30. Qe3 Rxd1 31. Rxd1 Rf6 32. axb5 Bxb5 33. Re1 Bd7 34. Qe2 Bb5 35. Qg4 Bd7 36. Kh2 Kh7 37. R1e3 Rf1 38. Rf3 Rxf3 39. Qxf3 Qxf3 40. gxf3 Kg6 41. Kg2 Kf6 42. g4 Bb5 43. Kg3 Bd3 44. Re3 Bf1 45. h4 Bb5 46. f4 Bd7 47. Re1 gxf4+ 48. Kxf4 Bb5 49. g5+ hxg5+ 50. hxg5+ 1-0